00762nas a2200229Ia 4500001001100000003000900011008004100020040001300061040001300074041001300087100004600100210001700146222001700163245008100180250001100261260004600272501008600318300001700404362003700421500003800458650003600496R020/B9521IT-RoPAU151124c99999999xx |||||||||||| ||und|| aIT-RoPAU cIT-RoPAU aITALIANO aMerritt RussellgCodice Aut. SPICS: 6929 aGRIFFITHIANA aGriffithiana aGRIFFITHIANA, ANNO 16-N.48/49 (OTTOBRE 1993)bA Proposito di Giglio Infranto a1a ed. aGEMONA (UDINE)bCINETECA DEL FRIULIc1993 bPaulus - SPICS - Società San Paolo EM (non-commercial uses only)cCopyright2015 a8 p. [12-19] aANNO 016, N.48/49 (OTTOBRE 1993) aArticolo anche in Lingua Inglese. aCINEMAvPUBBLICAZIONE PERIODICA